Riconosci il Calciatore - Quiz n°7 - Statistics

Statistiche generali
  • Questo quiz è stato fatto 99 volte
  • Il punteggio medio è 8 su 16
Statistiche sulle risposte
Indizio Risposta % Corretto
Nazionalità Italia
95%
Ruolo Centrocampista
89%
Squadra di club 4 Milan 1976-1980
81%
Squadra di club 2 Roma 1967-1970
61%
Squadra di club 3 Juventus 1970-1976
60%
Squadra di club 1 SPAL 1964-1967
60%
Data di nascita 18/06/1948
59%
Trofei per club Campionato italiano: 4
Juventus: 1971-1972, 1972-1973, 1974-1975
Milan: 1978-1979
Coppa Italia: 2
Roma: 1968-1969
Milan: 1976-1977
52%
Presenze in nazionale 32
36%
Gol nei club 72
36%
Trofei per nazionali 0
35%
Trofei individuali 0
35%
Gol in nazionale 8
35%
Altezza 177 cm
32%
Presenze nei club 471
28%
Calciatore Fabio Capello
15%
Nessun quiz corrispondente trovato
Distribuzione punteggi
Percentuale di utenti per punteggio
Percentile per numero di risposta
I tuoi punteggi nel tempo
Non hai fatto questo quiz